000
00293nam a2200121Ia 4500
008
140130s9999 xx 000 0 und d
245
_c
Gray, Elizabeth Janet
_a
Adam of the road
260
_b
Scholastic,
_c
1942
440
_v
1
521
_a
Grade 7 - Grade 12
942
_c
BK
999
_c
41370
_d
41370